| 000 | 00367nam a22001577a 4500 | ||
|---|---|---|---|
| 003 | NUST | ||
| 020 | _a9781639891702 | ||
| 038 | _akhadija | ||
| 082 |
_a621.31 _bHAS |
||
| 100 |
_aHasting _991790 |
||
| 245 |
_aElectric Machines for Smart Grids / _cAllen Hasting |
||
| 260 |
_aUSA _bStates Academic Press _c2022 |
||
| 300 | _ap242 | ||
| 563 | _aHB | ||
| 942 |
_2ddc _cBK |
||
| 999 |
_c589917 _d589917 |
||